000 00284nam a22001337a 4500
008 171018b xxu||||| |||| 00| 0 eng d
020 _a9780139215032
041 _aeng
080 _26 ED
_a338
100 _a53
101 _aMEN
245 _aMANAGMENT
_cMARY.S.P
942 _2udc
_cBK
999 _c34594
_d34594